00964pam a2200289 a 450000100040000000500170000402000230002102000210004402000180006504000230008305000230010608200140012910000210014324500740016425000440023826000350028230000400031749000210035750000290037850500060040752001220041352100180053552100180055365000220057165000350059370000460062859920250206144214.0 a0679887555 (trade) a067998755X (glb) a9780590819220 aDLCcDLCdDLCbeng00aPZ7.R8139bDe 199800a[Fic]2211 aRoy, Ron,d1940-14aThe deadly dungeon /cby Ron Roy ; illustrated by John Steven Gurney. aFirst Scholastic printing, January 1999 aNew York :bScholastic,c1998. a86 pages :billustrations ;c20 cm 1 aA to Z mysteries a"A Stepping Stone book." aK aWhile visiting Wallis's castle, Dink and his friends investigate strange noises that lead them to a dangerous secret.0 a610 bLexile0 aK bRaz-Plus 1aCastlesvFiction. 1aMystery and detective stories.1 aGurney, John Steven,d1962-eillustrator